| 000 | 00515nam a22001937a 4500 | ||
|---|---|---|---|
| 008 | 211122b |||||||| |||| 00| 0 eng d | ||
| 020 | _a1863202625 | ||
| 050 |
_aSB994 _b.E25 1999 C.1 |
||
| 100 | _aEditedGrant R. Singleton [et al.]. | ||
| 245 | _aEcologically-based management of rodent pests | ||
| 260 |
_aAustralia _bACIAR _c1999 |
||
| 300 | _a494p. | ||
| 650 | _aEcology | ||
| 650 | _aRodent management | ||
| 700 | _aHinds, Lyn | ||
| 700 | _aLeirs, Herwig | ||
| 700 | _aZhang, Zhibin | ||
| 942 |
_2lcc _cBK |
||
| 999 |
_c19148 _d19147 |
||